| 000 | 03713nam a2200265Ia 4500 | ||
|---|---|---|---|
| 003 | CO-CtgCURN | ||
| 005 | 20250719155433.0 | ||
| 008 | 220517s2021 xx 000 0 und d | ||
| 040 |
_aCO-CtgCURN _bspa _ccoctgcurn |
||
| 082 |
_aENF 2021 _bF678i |
||
| 100 |
_aFontalvo Jiménez, Michell _eautora _95756 |
||
| 245 | 0 |
_aInforme de las prácticas sociales realizadas en hospital departamental Juan Domínguez Romero de Soledad E.S.E. _h[electronic resource] / _cMichell Fontalvo Jiménez; tutora., Indira Pertuz Lobo |
|
| 260 |
_aBarranquilla, Atlántico : _bCorporación Universitaria Rafael Núñez, _c2021 |
||
| 300 |
_a1 recurso en línea (26 páginas (PDF)) : _btablas, imágenes, fotografías |
||
| 502 | _aTrabajo de Grado (Enfermera). Corporación Universitaria Rafael Núñez. Facultad de Ciencias de la Salud. Programa de Enfermería, 2021 | ||
| 504 | _aIncluye referencias bibliográficas | ||
| 520 | _aLas prácticas sociales, se definen como aquellas actividades que permiten atender las necesidades de las personas, comprendidas como seres sociales. Desde la enfermería, como profesión, se ejecutan actividades de cuidado holístico, humanizado y con fundamento científico en las diferentes áreas de servicios de salud o entidades gubernamentales, donde se desarrollen dichas acciones. A través de las prácticas sociales, la Corporación Universitaria Rafael Núñez desde su Programa de Enfermería en la ciudad de Barranquilla en su relación de convenio docencia servicio con el HOSPITAL DEPARTAMENTAL JUAN DOMÍNGUEZ ROMERO DE SOLEDAD E.S.E, permiten al cuerpo estudiantil aplicar conocimientos teóricos y prácticos, con el objetivo principal de aportar soluciones a las necesidades reales de salud a la población a la cual se brindan cuidados en dicha institución de salud. En el siguiente informe, se presentará lo desarrollado en el transcurso de febrero a abril, en el marco de prácticas sociales de enfermería, enfocadas a nivel asistencial administrativos, educativos y aplicación del proceso de atención de enfermería a cada usuario que asistió a la entidad de salud, en las áreas asistenciales de urgencias y hospitalización. Lo desarrollado en las prácticas sociales, estuvieron dirigidas a las actividades de enfermería profesional en la atención asistencial – administrativa y educación, dentro de los servicios de hospitalización y urgencias del hospital, como lo son: recepción de pacientes, recibo y entregas de turno, atención en Triage, valoración de paciente, preparación y administración de medicamentos, colocación de sondas vesicales y nasogástricas, curaciones de heridas, canalización de vía endovenosa, por motivos de pandemia pacientes con posible diagnóstico de COVID -19, atención a pacientes en condición de vulnerabilidad (desplazamiento forzado y población migrante), entre otros. Como enfermera profesional, estos espacios permiten el crecimiento de índole personal, perfeccionamiento de técnicas en procesos y procedimientos, comprensión de la situación no solo a nivel local, sino regional, y del país, así como la situación mundial en temas de salud propiamente institucionales, políticas públicas y administración de los servicios. | ||
| 521 | _aAREA PROFESIONAL | ||
| 590 | _aPrograma de Enfermería_27 | ||
| 650 |
_aEnfermería _vTesis y disertaciones académicas _95757 |
||
| 700 |
_aPertuz Lobo, Indira _etutora _95758 |
||
| 856 |
_uhttps://unicurn.sharepoint.com/:b:/s/biblioteca/EWGPJFKhcQBBp_Fu-5QeSOMBuiocj0g9c2ObNzvqb18tFw?e=WYRWHc _yConsulte aquí el texto completo |
||
| 942 |
_cTG _hENF 2021 _iF678i _2ddc _n0 |
||
| 999 |
_c586 _d586 |
||